000
00214 a2200097 4500
001
47758
100
_a
Crowthers I
245
_a
Science at war
260
_a
New York
_b
Philosophical lib
_c
090
_c
30760
_d
30760
942
_a
NUST-CAE
_c
M
_c
23070
999
_c
282831
_d
282831